|
|
|
|
| LEADER |
01073nam a2200265 a 4500 |
| 001 |
000427652 |
| 008 |
100928s1997 enka b 001 0 eng d |
| 010 |
|
|
|a 97014623
|
| 020 |
|
|
|a 9788131702086
|
| 020 |
|
|
|a 0201422913 (alk. paper)
|
| 040 |
|
|
|a DLC
|c DLC
|d C#P
|d UKM
|d DB-DhAAL
|
| 082 |
0 |
0 |
|a 004.2/2
|2 21
|
| 100 |
1 |
|
|a Sima, Dezso
|
| 245 |
1 |
0 |
|a Advanced computer architectures :
|b a design space approach /
|c Dezso Sima, Terence Fountain, Peter Karsuk.
|
| 260 |
|
|
|a Harlow, England ;
|a Reading, Mass. ;
|a New Delhi :
|b Pearson/Addison-Wesley,
|c c1997.
|
| 300 |
|
|
|a 790 p. :
|b ill. ;
|c 25 cm.
|
| 490 |
|
0 |
|a International computer science series
|
| 504 |
|
|
|a Includes bibliographical references and index.
|
| 541 |
1 |
|
|e 00021110
|
| 650 |
|
0 |
|a Computer architecture.
|
| 700 |
1 |
|
|a Fountain, T. J.
|q (Terry J.)
|
| 700 |
1 |
|
|a Karsuk, Peter.
|
| 852 |
4 |
|
|a Ayesha Abed Library
|j General Shelf.
|
| 999 |
|
|
|c 9572
|d 9572
|
| 952 |
|
|
|0 0
|1 0
|2 ddc
|4 0
|6 004_220000000000000_SIM_1997
|7 0
|9 12160
|a BRACUL
|b BRACUL
|c GEN
|d 2010-09-29
|l 1
|m 4
|o 004.22 SIM
|p 3010021110
|r 2019-12-05
|s 2018-05-13
|t 1
|w 2010-09-29
|y BK
|